000 00511nam a2200181Ia 4500
005 20250423101213.0
008 250422s9999 xx 000 0 und d
020 _a9781118492017
050 _aQM 471 .C55/
100 _aVilensky, Joel A.
245 4 _aThe clinical anatomy of the cranial nerves: the nerves of “on old olympus towering top”
260 _aOxford
260 _bJohn Wiley & Sons
260 _c2015
300 _a277 p
650 _aCranial Nerves--anatomy & histology.
942 _cBK
999 _c35601
_d35601